De la ingènua veritat / (Record no. 171748)

MARC details
000 -LEADER
campo de control de longitud fija 00533nam a22001815i 4500
001 - NÚMERO DE CONTROL
campo de control 171748
003 - IDENTIFICADOR DE NÚMERO DE CONTROL
campo de control ES-MaACL
005 - FECHA Y HORA DE LA ÚLTIMA TRANSACCIÓN
campo de control 20251001174022.0
008 - DATOS DE LONGITUD FIJA--INFORMACIÓN GENERAL
campo de control de longitud fija 090527s1961 sp |||| | cat d
100 1# - ENTRADA PRINCIPAL--NOMBRE DE PERSONA
Nombre de persona Soleriestruch.
9 (RLIN) 140384
245 10 - MENCIÓN DEL TÍTULO
Título De la ingènua veritat /
Mención de responsabilidad, etc. Soleriestruch.
260 ## - PUBLICACIÓN, DISTRIBUCIÓN, ETC.
Lugar de publicación, distribución, etc. Valencia :
Nombre del editor, distribuidor, etc. Torre,
Fecha de publicación, distribución, etc. 1961.
300 ## - DESCRIPCIÓN FÍSICA
Extensión 53 p. ;
Dimensiones 17 cm.
490 1# - MENCIÓN DE SERIE
Mención de serie Col-lecció l'Espiga ;
Designación de volumen o secuencia 44
830 0# - PUNTO DE ACCESO ADICIONAL DE SERIE-TÍTULO UNIFORME
Título uniforme Col·lecció l'espiga
Designación de volumen o secuencia 44
9 (RLIN) 229379
852 ## - LOCALIZACIÓN
Ubicación ES-MaACL
Número de control de estantería C-20227
itemnumber R.48631
Holdings
Estatus retirado Estado de pérdida Estado de daño No para préstamo Biblioteca de origen Biblioteca actual Ubicación en estantería Fecha de adquisición Fuente de adquisición Total de préstamos Signatura topográfica completa Código de barras Visto por última vez Precio de reemplazo Tipo de ítem Koha
        Biblioteca del Ateneo de Madrid Biblioteca del Ateneo de Madrid Galería 27/05/2009     C-20227 1180234 23/02/2023 23/02/2023 Libro impreso